[Event "Antalya op"]
[Site "Antalya"]
[Date "2002.02.23"]
[Round "2"]
[White "Gokerman, Ersan"]
[Black "Mollaoglu, Ergin"]
[Result "1-0"]
[WhiteElo "2148"]
[BlackElo "2444"]
[PlyCount "159"]
[EventDate "2002.02.22"]
[EventType "swiss"]
[EventRounds "9"]
[EventCountry "TUR"]
[SourceTitle "CBM 086 Extra"]
[Source "ChessBase"]
[SourceDate "2002.03.14"]
[SourceVersion "1"]
[SourceVersionDate "2002.03.14"]
[SourceQuality "1"]

1. d4 Nf6 2. c4 d6 3. Nc3 Bf5 4. g3 Ne4 5. Qd3 d5 6. cxd5 Nxc3 7. Qxf5 Nxd5 8. Nf3 e6 9. Qd3 c5 10. a3 Nc6 11. Bg2 Qb6 12. dxc5 Bxc5 13. 0-0 Rd8 14. Qe4 0-0 15. b4 Bd4 16. Nxd4 Qxd4 17. Bg5 Qxe4 18. Bxe4 f6 19. Bxd5 Rxd5 20. Be3 Rfd8 21. Rac1 a6 22. Rc3 Kf7 23. Kg2 e5 24. Rfc1 Ke6 25. h4 h5 26. Rc4 R8d7 27. Rc5 Ne7 28. Rc7 Nf5 29. Bb6 R5d6 30. Rxd7 Rxd7 31. Rc8 Nd6 32. Rc2 g6 33. f3 Nb5 34. a4 Nd4 35. Rb2 Kd5 36. Bxd4 exd4 37. Rc2 Re7 38. Rc5+ Kd6 39. Kf2 Re3 40. Rc4 Kd5 41. Rc5+ Ke6 42. Rc7 Ra3 43. a5 Ra2 44. Ke1 Kd5 45. Rxb7 Kc4 46. Rb6 Ra1+ 47. Kd2 Ra2+ 48. Ke1 Ra1+ 49. Kf2 Ra2 50. Rd6 Kxb4 51. Rxa6 d3 52. Ke3 dxe2 53. Kf2 g5 54. Rxf6 gxh4 55. Rf4+ Kc3 56. Rxh4 Kd2 57. Rd4+ Kc3 58. Rd5 Rd2 59. Re5 e1Q+ 60. Kxe1 Rg2 61. Rxh5 Rxg3 62. Kf2 Rg6 63. Re5 Kd3 64. f4 Kd4 65. Kf3 Rg1 66. Re8 Ra1 67. Re5 Rg1 68. Re6 Ra1 69. a6 Kd5 70. f5 Ra4 71. Kg3 Ra1 72. Kf4 Ra2 73. Kg5 Ra1 74. Kf6 Rh1 75. a7 Ra1 76. Re7 Kd6 77. Kf7 Ra2 78. f6 Ra1 79. Kf8 Ra2 80. f7 1-0

[Event "FRA-chT2"]
[Site "France"]
[Date "2001.11.18"]
[Round "3"]
[White "Mollaoglu, Ergin"]
[Black "Ricou, Pierre"]
[Result "1-0"]
[WhiteElo "2444"]
[BlackElo "2267"]
[PlyCount "53"]
[EventDate "2002.??.??"]
[EventType "team"]
[EventRounds "11"]
[EventCountry "FRA"]
[SourceTitle "EXT 2003"]
[Source "ChessBase"]
[SourceDate "2002.11.25"]
[SourceVersion "1"]
[SourceVersionDate "2002.11.25"]
[SourceQuality "1"]

1. d4 e6 2. c4 b6 3. Nf3 Bb7 4. g3 Bxf3 5. exf3 Nf6 6. Bg2 d5 7. 0-0 Be7 8. f4 0-0 9. f5 exf5 10. cxd5 Nxd5 11. Qf3 c6 12. Qxf5 Qd7 13. Qd3 Bf6 14. Rd1 a5 15. Nc3 Na6 16. Nxd5 cxd5 17. Be3 a4 18. Rac1 Nb4 19. Qb1 Rac8 20. Bf1 Rxc1 21. Rxc1 Ra8 22. a3 Na6 23. Qc2 g6 24. Bh6 Bd8 25. Bxa6 Rxa6 26. Qc8 Ra7 27. Bg5 1-0